El mensaje de Romanos / (Record no. 29000)

MARC details
000 -LEADER
campo de control de longitud fija 01446ntaaa2200385 4500
003 - IDENTIFICADOR DE NÚMERO DE CONTROL
campo de control 01
005 - FECHA Y HORA DE LA ÚLTIMA TRANSACCIÓN
campo de control 20251027203339.0
008 - DATOS DE LONGITUD FIJA--INFORMACIÓN GENERAL
campo de control de longitud fija 0714s1973 ag 01
020 ## - NÚMERO INTERNACIONAL ESTÁNDAR DEL LIBRO
Número Internacional Estándar del Libro 9789506831363
040 ## - FUENTE DE CATALOGACIÓN
Centro catalogador/agencia de origen AR-BaBN
Lengua de catalogación spa
Centro/agencia transcriptor AR-BaBN
Normas de descripción aacr
Centro/agencia modificador RIC
082 ## - NÚMERO DE LA CLASIFICACIÓN DECIMAL DEWEY
Número de clasificación 227.1 St7
100 ## - ENTRADA PRINCIPAL--NOMBRE DE PERSONA
Nombre de persona Stott, John
Fechas asociadas al nombre 1921-2011
9 (RLIN) 37357
245 ## - MENCIÓN DEL TÍTULO
Título El mensaje de Romanos /
Mención de responsabilidad, etc. John Stott, traducido por David Powell, y Jorge Olivares, y Adriana Powell
260 ## - PUBLICACIÓN, DISTRIBUCIÓN, ETC.
Lugar de publicación, distribución, etc. Barcelona ; Buenos Aires :
Nombre del editor, distribuidor, etc. Eds. Certeza Unida,
Fecha de publicación, distribución, etc. 2007
300 ## - DESCRIPCIÓN FÍSICA
Extensión 540 p. ;
Dimensiones 23 cm.
500 ## - NOTA GENERAL
Nota general Título original: The message of Romans
500 ## - NOTA GENERAL
Nota general Guía de estudio por David Stone
500 ## - NOTA GENERAL
Nota general Donación de Tomás J. M. Mackey, 2021
500 ## - NOTA GENERAL
Nota general Ed. original en inglés: InterVarsity Press
500 ## - NOTA GENERAL
Nota general Bibliografía: p. 513-518
505 ## - NOTA DE CONTENIDO CON FORMATO
Título Introducción
505 ## - NOTA DE CONTENIDO CON FORMATO
Título I. La ira de Dios contra toda la humanidad
505 ## - NOTA DE CONTENIDO CON FORMATO
Título II. La gracia de Dios en el evangelio
505 ## - NOTA DE CONTENIDO CON FORMATO
Título III. El plan de Dios para judíos y gentiles
505 ## - NOTA DE CONTENIDO CON FORMATO
Título IV. La voluntad de Dios para relaciones transformadas
505 ## - NOTA DE CONTENIDO CON FORMATO
Título Conclusión: La providencia de Dios en el ministerio de Pablo
505 ## - NOTA DE CONTENIDO CON FORMATO
Título Apéndice: Nuevos desafíos para antiguas tradiciones
650 ## - PUNTO DE ACCESO ADICIONAL DE MATERIA--TÉRMINO DE MATERIA
Término de materia o nombre geográfico como elemento de entrada BIBLIA
9 (RLIN) 468
650 ## - PUNTO DE ACCESO ADICIONAL DE MATERIA--TÉRMINO DE MATERIA
Término de materia o nombre geográfico como elemento de entrada NUEVO TESTAMENTO
650 ## - PUNTO DE ACCESO ADICIONAL DE MATERIA--TÉRMINO DE MATERIA
Término de materia o nombre geográfico como elemento de entrada ROMANOS
700 ## - ENTRADA AGREGADA--NOMBRE PERSONAL
Nombre de persona Powell, David
Término indicativo de función/relación traductor
9 (RLIN) 32470
700 ## - ENTRADA AGREGADA--NOMBRE PERSONAL
Nombre de persona Olivares, Jorge
Término indicativo de función/relación revisión
9 (RLIN) 32635
700 ## - ENTRADA AGREGADA--NOMBRE PERSONAL
Nombre de persona Powell, Adriana
Término indicativo de función/relación editor
9 (RLIN) 33548
942 ## - ELEMENTOS DE ENTRADA SECUNDARIOS (KOHA)
Tipo de ítem Koha Colección General
Holdings
Estatus retirado Estado de pérdida Estado de daño No para préstamo Biblioteca de origen Biblioteca actual Fecha de adquisición Número de inventario Total de préstamos Signatura topográfica completa Código de barras Visto por última vez Precio de reemplazo Tipo de ítem Koha
        Biblioteca Pluis Biblioteca Pluis 27/10/2025 045528   227.1 St7 045528 27/10/2025 27/10/2025 Colección General